[Event "Dosquebrad op"]
[Site "Dosquebrad"]
[Date "2013.06.19"]
[Round "1"]
[White "Saavedra, German"]
[Black "Herrera, Juan Sebastian"]
[Result "0-1"]
[WhiteElo "1790"]
[BlackElo "2185"]
[PlyCount "50"]
[EventDate "2013.06.19"]
[EventType "swiss"]
[EventRounds "7"]
[EventCountry "COL"]
[SourceTitle "CBM 155 Extra"]
[Source "ChessBase"]
[SourceDate "2013.08.26"]
[SourceVersion "1"]
[SourceVersionDate "2013.08.26"]
[SourceQuality "1"]

1. e4 c5 2. d4 cxd4 3. c3 dxc3 4. Nxc3 e6 5. Nf3 a6 6. Bc4 Qc7 7. Qe2 Nc6 8. 0-0 d6 9. Rd1 Nf6 10. Bg5 Be7 11. Rac1 Qb8 12. a3 0-0 13. h3 b5 14. Ba2 Bb7 15. Bf4 Ne5 16. Nd4 Ned7 17. Bh2 Qa7 18. Kh1 Rac8 19. f4 Nc5 20. e5 Nfe4 21. f5 dxe5 22. Bxe5 Bf6 23. Bh2 Rcd8 24. Nxe4 Nxe4 25. Nf3 Nf2+ 0-1